Domov /

Hlavní autor: Steel, Danielle, 1947-
Další autoři: Ježková, Klára
Jazyk: Čeština
Vydáno: Praha : Ikar, 2012
Vydání: Vyd. 2.
Témata:
Externí odkaz: Digitalizovaný dokument
Fyzický popis: 294 s. ; 21 cm
Knihy
Uloženo v:
LEADER 01412nam a2200397 a 4500
001 nkc20122341152
003 CZ PrNK
005 20120716142459.0
007 ta
008 120206s2012 xr g 000 f cze
015 |a cnb002341152 
020 |a 978-80-249-1846-4  |q (váz.) 
040 |a OLA001  |b cze  |d ABA001 
041 1 |a cze  |h eng 
072 7 |a 821.111(73)-3  |x Americká próza  |2 Konspekt  |9 25 
080 |a 821.111(73)-31  |2 MRF 
080 |a (0:82-312.5)  |2 MRF 
100 1 |a Steel, Danielle,  |d 1947-  |7 jn20000605140  |4 aut 
245 1 0 |a Domov /  |c Danielle Steel ; [z anglického originálu ... přeložila Klára Ježková] 
250 |a Vyd. 2. 
260 |a Praha :  |b Ikar,  |c 2012 
300 |a 294 s. ;  |c 21 cm 
500 |a Dostupné též v digitální podobě v aplikaci Kramerius 
655 7 |a americké romány  |7 fd131796  |2 czenas 
655 7 |a milostné romány  |7 fd132840  |2 czenas 
655 9 |a American fiction  |2 eczenas 
655 9 |a love novels  |2 eczenas 
700 1 |a Ježková, Klára  |7 xx0038694  |4 aut 
765 0 |t Cottage  |9 Česky 
856 4 1 |u http://www.digitalniknihovna.cz/mzk/uuid/uuid:78543470-000b-11f0-9b34-5ef3fc9bb22f  |y Digitalizovaný dokument  |x NDK 
910 2 |a BOA001  |b 2-1289.007 
928 9 |a Euromedia Group - Ikar 
990 |a BK 
995 |a 01 
991 |b 201207  |e b 
996 6 |b 2610514888  |c 2-1289.007  |l MZK  |r Sklad / do 1 hodiny  |n 4  |p p.v.  |w 001260346  |u 000010  |a 1  |e BOA001  |j MZK50  |s P